000 00322nam a22001337a 4500
003 SGT
082 _a423
_bOXF
100 _aOXFORD UNIVERSITY PRESS
245 _aTHE READERS DIGEST GREAT ENCYCLOPADIC DICTIONARY(A-Z)
250 _a1
260 _aLONDON
_bOXFORD UNIVERSITY PRESS
_c1962
300 _a528
942 _2ddc
_cBK
999 _c20806
_d20806